00473nam a2200157Ia 4500008004100000020001800041041000800059082001500067100004200082245010200124250001200226260004300238300000900281365000700290650001800297251210s2025 xx 000 0 und d a9789395454841 aeng a610.73 SRI aPrasanthi, Pusarla and Geethavani, G. aElective modules for B.Sc nursing semester 3rd and 4th Human values, Diabetes care and soft skill a1st ed. aVijayawadabVijayam Publicationsc2025 a374p cRS aGeneral books